| 000 | 01046cab a2200385 4500 | ||
|---|---|---|---|
| 001 | ABS56961 | ||
| 008 | 090401t1997 xxu||||| |||| 00| 0 eng d | ||
| 035 | _a(Sirsi) u98372 | ||
| 041 | _aeng | ||
| 245 | _aFocus `97: Norfolk and Suffolk | ||
| 260 | _c1997 | ||
| 350 | _a0 | ||
| 490 |
_aEstates Gazette _v(9719) 10 May 1997, 91-129(16) |
||
| 650 | _aA47 | ||
| 650 | _aBURY ST EDMUNDS | ||
| 650 | _aCASINO | ||
| 650 | _aCINEMAS | ||
| 650 | _aFELIXSTOWE | ||
| 650 | _aINDUSTRIAL | ||
| 650 | _aIPSWICH | ||
| 650 | _aKINGS LYNN | ||
| 650 | _aLEISURE DEVELOPMENTS | ||
| 650 | _aLEISURE | ||
| 650 | _aMULTIPLEX CINEMAS | ||
| 650 | _aNORFOLK | ||
| 650 | _aPROPERTY-COMMERCIAL PROPERTY-OFFICE PROPERTY-OFFICE PROPERTY MARKET | ||
| 650 | _aPUBS | ||
| 650 | _aRESTAURANTS | ||
| 650 | _aRETAIL DEVELOPMENT | ||
| 650 | _aPROPERTY-COMMERCIAL PROPERTY-RETAIL PROPERTY-RETAIL PROPERTY MARKET | ||
| 650 | _aSUFFOLK | ||
| 690 | _aPROPERTY-COMMERCIAL PROPERTY-COMMERCIAL PROPERTY MARKET | ||
| 942 | _n0 | ||
| 948 | _c21/05/1997 | ||
| 999 |
_c59773 _d59773 |
||